[Event "Barcelona Sant Marti op-B 25th"]
[Site "Barcelona"]
[Date "2025.07.20"]
[Round "8"]
[White "Li, Leon1"]
[Black "Mendoza Gomez, Juana Fernanda"]
[Result "0-1"]
[WhiteElo "1621"]
[BlackElo "1808"]
[PlyCount "46"]
[EventDate "2025.07.13"]
[EventType "swiss"]
[EventRounds "9"]
[EventCountry "ESP"]
[SourceTitle "CB30_2025"]
[SourceDate "2025.07.23"]
[SourceVersion "1"]
[SourceVersionDate "2025.07.23"]
[SourceQuality "1"]

1. e4 c5 2. c3 Nf6 3. e5 Nd5 4. d4 cxd4 5. cxd4 Nc6 6. Nf3 d6 7. exd6 e6 8. Nc3 Bxd6 9. Nxd5 exd5 10. Bd3 Bg4 11. Be2 0-0 12. 0-0 Re8 13. Be3 Bc7 14. g3 h5 15. Nd2 Bxe2 16. Qxe2 Nxd4 17. Qxh5 Nc2 18. Rac1 Nxe3 19. fxe3 Qe7 20. Qxd5 Rad8 21. Qxb7 Qxe3+ 22. Kh1 Rxd2 23. Qc6 Rxh2+ 0-1

[Event "COL-ch 20 Girls"]
[Site "Bogota"]
[Date "2025.02.02"]
[Round "9"]
[White "Mendoza Gomez, Juana Fernanda"]
[Black "Lopez Rayo, Isabella"]
[Result "1/2-1/2"]
[WhiteElo "1646"]
[BlackElo "2026"]
[PlyCount "71"]
[EventDate "2025.01.29"]
[EventType "swiss"]
[EventRounds "9"]
[EventCountry "COL"]
[SourceTitle "CB06_2025"]
[SourceDate "2025.02.05"]
[SourceVersion "1"]
[SourceVersionDate "2025.02.05"]
[SourceQuality "1"]

1. Nf3 d5 2. g3 e6 3. Bg2 Nf6 4. 0-0 b5 5. b3 Be7 6. c4 a6 7. Bb2 0-0 8. Qc2 c5 9. d4 Nbd7 10. Nbd2 Bb7 11. cxd5 Nxd5 12. e4 Nb4 13. Qb1 cxd4 14. a3 Nc6 15. Nxd4 Nxd4 16. Bxd4 e5 17. Be3 Bc5 18. Re1 Bxe3 19. Rxe3 Nc5 20. Nf1 Ne6 21. Rd3 Nd4 22. Ne3 Qb6 23. Qd1 Rfd8 24. Ra2 Rac8 25. Rad2 Qc5 26. Nc2 g6 27. Nxd4 Rxd4 28. Rxd4 exd4 29. b4 Qc3 30. Rxd4 Qxa3 31. Rd8+ Rxd8 32. Qxd8+ Kg7 33. Qd4+ Kg8 34. Qd8+ Kg7 35. Qd4+ Kg8 36. Qd8+ 1/2-1/2

[Event "COL-ch 20 Girls"]
[Site "Bogota"]
[Date "2025.02.01"]
[Round "6"]
[White "Mendoza Gomez, Juana Fernanda"]
[Black "Agudelo Zapata, Yarli Alejandra"]
[Result "1-0"]
[WhiteElo "1646"]
[BlackElo "1750"]
[PlyCount "97"]
[EventDate "2025.01.29"]
[EventType "swiss"]
[EventRounds "9"]
[EventCountry "COL"]
[SourceTitle "CB06_2025"]
[SourceDate "2025.02.05"]
[SourceVersion "1"]
[SourceVersionDate "2025.02.05"]
[SourceQuality "1"]

1. d4 Nf6 2. c4 g6 3. Nc3 Bg7 4. e4 d6 5. Be2 0-0 6. Nf3 Nc6 7. 0-0 e5 8. d5 Ne7 9. b4 a5 10. Ba3 axb4 11. Bxb4 b6 12. a4 Ne8 13. Nd2 f5 14. f3 f4 15. Nb3 g5 16. a5 bxa5 17. Bxa5 h5 18. Kh1 Rf6 19. c5 Rb8 20. Nb5 Qd7 21. Na7 Rg6 22. Nxc8 Nxc8 23. Qc2 g4 24. Rfb1 Qe7 25. cxd6 cxd6 26. Be1 gxf3 27. Bxf3 h4 28. h3 Qg5 29. Qc6 Ne7 30. Qd7 Bf8 31. Qg4 Qh6 32. Qxh4 Qg7 33. Na5 Rxb1 34. Rxb1 Nf6 35. Nc6 Nexd5 36. exd5 e4 37. Qf2 exf3 38. Qxf3 Qh6 39. Rb8 Rg7 40. Bc3 Qg6 41. Nd8 Ra7 42. Ne6 Nd7 43. Nxf8 Nxf8 44. Qxf4 Rf7 45. Qg4 Qxg4 46. hxg4 Rh7+ 47. Kg1 Rh4 48. Bb4 Rxg4 49. Bxd6 1-0

[Event "American Continental (Women) 15th"]
[Site "Santo Domingo"]
[Date "2024.11.28"]
[Round "8"]
[White "Caballero Quijano, Mitzy Mishell"]
[Black "Mendoza Gomez, Juana Fernanda"]
[Result "1-0"]
[WhiteElo "2034"]
[BlackElo "1739"]
[PlyCount "155"]
[EventDate "2024.11.24"]
[EventType "swiss"]
[EventRounds "9"]
[EventCountry "DOM"]
[SourceTitle "CB49_2024"]
[SourceDate "2024.12.04"]
[SourceVersion "1"]
[SourceVersionDate "2024.12.04"]
[SourceQuality "1"]

1. d4 Nf6 2. Nf3 g6 3. c4 c5 4. d5 e6 5. Nc3 exd5 6. cxd5 d6 7. g3 Bg7 8. Bg2 0-0 9. 0-0 Re8 10. Nd2 a6 11. a4 Nbd7 12. h3 Nh5 13. e4 b6 14. Nc4 Ne5 15. Ne3 Rb8 16. Qe2 Qc7 17. Nc2 f5 18. Kh2 Qb7 19. f4 Nf7 20. Bf3 b5 21. axb5 axb5 22. Bxh5 gxh5 23. Qxh5 b4 24. Nd1 Rxe4 25. Nf2 Qxd5 26. Nxe4 Qxe4 27. Ne3 Bd4 28. Ra7 Be6 29. Rxf7 Bxf7 30. Qxf5 Qxf5 31. Nxf5 Re8 32. Nxd4 cxd4 33. Rf2 b3 34. f5 Rc8 35. Bf4 d3 36. Bxd6 Rc2 37. Rxc2 dxc2 38. Bf4 h5 39. g4 Kg7 40. Bg5 Be8 41. Kg3 hxg4 42. hxg4 Bb5 43. Bd2 Kf6 44. Kf4 Bd3 45. g5+ Kf7 46. Ke5 Bb5 47. g6+ Kg7 48. Ke6 Bc4+ 49. Ke7 Bd5 50. Bg5 Bc4 51. Kd6 Bg8 52. Ke5 Bc4 53. Bd2 Bg8 54. Kf4 Kf6 55. Ke4 Kg7 56. Bg5 Bc4 57. Kd4 Bg8 58. Kc5 Kf8 59. f6 Be6 60. Bh6+ Ke8 61. f7+ Bxf7 62. gxf7+ Kxf7 63. Kb4 Ke6 64. Kxb3 Kd5 65. Kxc2 Kc4 66. Bf8 Kb5 67. Kc3 Kb6 68. Kc4 Kb7 69. b4 Kc6 70. b5+ Kb6 71. Bd6 Kb7 72. Kc5 Ka8 73. b6 Kb7 74. Kb5 Ka8 75. Bc5 Kb7 76. Bd4 Kc8 77. Ka6 Kb8 78. Be5+ 1-0

[Event "American Continental (Women) 15th"]
[Site "Santo Domingo"]
[Date "2024.11.27"]
[Round "6"]
[White "Ramirez Luzon, Franchesca"]
[Black "Mendoza Gomez, Juana Fernanda"]
[Result "0-1"]
[WhiteElo "1841"]
[BlackElo "1739"]
[PlyCount "102"]
[EventDate "2024.11.24"]
[EventType "swiss"]
[EventRounds "9"]
[EventCountry "DOM"]
[SourceTitle "CB49_2024"]
[SourceDate "2024.12.04"]
[SourceVersion "1"]
[SourceVersionDate "2024.12.04"]
[SourceQuality "1"]

1. c4 Nf6 2. Nf3 g6 3. g3 Bg7 4. Bg2 0-0 5. d4 c5 6. 0-0 cxd4 7. Nxd4 Nc6 8. Nc3 a6 9. a3 Qc7 10. Nf3 d6 11. Nd5 Nxd5 12. cxd5 Na5 13. Re1 Bd7 14. Rb1 Rfc8 15. Bg5 Qd8 16. e4 h6 17. Bf4 Nc4 18. e5 Bf5 19. Rc1 Nxb2 20. Qd2 Nd3 21. Rxc8 Rxc8 22. Rd1 Nxf4 23. gxf4 Qb6 24. Nd4 dxe5 25. Nxf5 gxf5 26. fxe5 Bxe5 27. Qe2 Qd6 28. Qh5 Qg6 29. Qe2 Bd6 30. Qf3 Kh7 31. Kh1 Qg4 32. Qd3 Qf4 33. Qh3 Qg4 34. Rb1 b5 35. Qd3 Qh5 36. Bh3 Rg8 37. Bxf5+ Kh8 38. Qh3 Qxh3 39. Bxh3 Bxa3 40. Ra1 b4 41. Re1 b3 42. Bf5 a5 43. Ra1 Bb4 44. Bd7 b2 45. Rd1 Rb8 46. Ba4 Bd6 47. Bc2 a4 48. Bb1 Rc8 49. Kg2 Rc1 50. Rg1 a3 51. Kh1 Rxb1 0-1

[Event "American Continental (Women) 15th"]
[Site "Santo Domingo"]
[Date "2024.11.24"]
[Round "1"]
[White "Mendoza Gomez, Juana Fernanda"]
[Black "Argote Heredia, Valentina"]
[Result "0-1"]
[WhiteElo "1739"]
[BlackElo "2126"]
[PlyCount "69"]
[EventDate "2024.11.24"]
[EventType "swiss"]
[EventRounds "9"]
[EventCountry "DOM"]
[SourceTitle "CB49_2024"]
[SourceDate "2024.12.04"]
[SourceVersion "1"]
[SourceVersionDate "2024.12.04"]
[SourceQuality "1"]

1. Nf3 Nf6 2. g3 e6 3. Bg2 d5 4. 0-0 Be7 5. d4 0-0 6. c4 dxc4 7. Qc2 a6 8. a4 Nbd7 9. Rd1 c5 10. Qxc4 cxd4 11. Nxd4 Qa5 12. Nc3 Nb6 13. Qb3 e5 14. Bd2 Qc5 15. Be3 Ng4 16. Nf5 Nxe3 17. Ne4 Qb4 18. Nxe7+ Qxe7 19. fxe3 Nd7 20. Rac1 Nf6 21. Nd6 e4 22. Qb6 Bg4 23. Qxb7 Qxb7 24. Nxb7 Bxe2 25. Rd4 Rab8 26. Nc5 Rxb2 27. h3 Rc8 28. Nd3 Rxc1+ 29. Nxc1 Kf8 30. Bxe4 Nxe4 31. Rxe4 Bf3 32. Rf4 Bd5 33. Nd3 Rg2+ 34. Kf1 Rxg3 35. Ne5 0-1

[Event "Wch U18 Girls"]
[Site "Florianopolis"]
[Date "2024.11.05"]
[Round "7"]
[White "De Ramos, Mitzi Vedan"]
[Black "Mendoza Gomez, Juana Fernanda"]
[Result "1/2-1/2"]
[WhiteElo "1814"]
[BlackElo "1892"]
[PlyCount "105"]
[EventDate "2024.10.29"]
[EventType "swiss"]
[EventRounds "11"]
[EventCountry "BRA"]
[SourceTitle "CB45_2024"]
[Source "ChessBase"]
[SourceDate "2024.11.06"]
[SourceVersion "1"]
[SourceVersionDate "2024.11.06"]
[SourceQuality "1"]

1. e4 c5 2. c3 Nf6 3. e5 Nd5 4. d4 cxd4 5. Nf3 Nc6 6. cxd4 d6 7. Bc4 Nb6 8. Bb3 dxe5 9. d5 Na5 10. Nc3 Bg4 11. Ba4+ Nxa4 12. Qxa4+ Bd7 13. Qe4 f6 14. 0-0 Qc7 15. Rd1 Qc4 16. b3 Qxe4 17. Nxe4 Bf5 18. Ng3 Bg6 19. Bd2 b6 20. Bxa5 bxa5 21. Rac1 h5 22. h3 h4 23. Nf1 Bh5 24. Rd2 Bxf3 25. gxf3 Rd8 26. Rc6 Rh5 27. Ne3 g6 28. Ra6 Bh6 29. Rxa7 Bxe3 30. fxe3 Rc8 31. Rxa5 Rc1+ 32. Kf2 Rg5 33. Ra8+ Kf7 34. e4 Rgg1 35. Ke2 Rg2+ 36. Kd3 Rxd2+ 37. Kxd2 Rh1 38. b4 Rxh3 39. b5 Rh1 40. Ke2 Rg1 41. Kf2 Rb1 42. a4 Rb2+ 43. Kf1 f5 44. exf5 gxf5 45. Ra7 Kf6 46. Ra6+ Kg5 47. Re6 Kf4 48. Rxe7 Kxf3 49. d6 Rd2 50. d7 h3 51. Rxe5 Rxd7 52. Rxf5+ Kg3 53. Rg5+ 1/2-1/2

[Event "Wch U18 Girls"]
[Site "Florianopolis"]
[Date "2024.11.03"]
[Round "6"]
[White "Mendoza Gomez, Juana Fernanda"]
[Black "Rajanya, Datta"]
[Result "1/2-1/2"]
[WhiteElo "1892"]
[BlackElo "1845"]
[PlyCount "92"]
[EventDate "2024.10.29"]
[EventType "swiss"]
[EventRounds "11"]
[EventCountry "BRA"]
[SourceTitle "CB45_2024"]
[Source "ChessBase"]
[SourceDate "2024.11.06"]
[SourceVersion "1"]
[SourceVersionDate "2024.11.06"]
[SourceQuality "1"]

1. d4 d5 2. c4 c6 3. Nf3 Nf6 4. Qc2 e6 5. g3 Bd6 6. Bg2 0-0 7. 0-0 b6 8. Nbd2 Nbd7 9. e4 dxe4 10. Nxe4 Nxe4 11. Qxe4 Qc7 12. Ng5 Nf6 13. Qxc6 Qxc6 14. Bxc6 Rb8 15. Ne4 Nxe4 16. Bxe4 Ba6 17. b3 e5 18. Bb2 exd4 19. Bxd4 Rfe8 20. Bf3 Red8 21. Rfd1 Rbc8 22. a4 Rc7 23. Be5 Rcd7 24. Bxd6 Rxd6 25. Rxd6 Rxd6 26. Rd1 Rxd1+ 27. Bxd1 Kf8 28. Kf1 Ke7 29. Ke2 Kd6 30. Kd3 Bc8 31. Kd4 a5 32. f4 Bd7 33. g4 f6 34. h4 h6 35. g5 Bf5 36. Bf3 Bd7 37. Bd5 Bg4 38. Be4 Bd1 39. gxf6 gxf6 40. Kc3 Kc5 41. Bc2 Bf3 42. Kd3 Bc6 43. Bd1 Bb7 44. Ke3 Bc6 45. Bc2 Bb7 46. Bd1 Bc6 1/2-1/2

[Event "Wch U18 Girls"]
[Site "Florianopolis"]
[Date "2024.10.31"]
[Round "3"]
[White "Moshoboro, Sharell Arona"]
[Black "Mendoza Gomez, Juana Fernanda"]
[Result "1/2-1/2"]
[WhiteElo "1775"]
[BlackElo "1892"]
[PlyCount "82"]
[EventDate "2024.10.29"]
[EventType "swiss"]
[EventRounds "11"]
[EventCountry "BRA"]
[SourceTitle "CB45_2024"]
[Source "ChessBase"]
[SourceDate "2024.11.06"]
[SourceVersion "1"]
[SourceVersionDate "2024.11.06"]
[SourceQuality "1"]

1. d4 Nf6 2. c4 c5 3. d5 e6 4. Nc3 exd5 5. cxd5 d6 6. e4 g6 7. f4 Bg7 8. Bb5+ Nfd7 9. Nf3 a6 10. Bd3 b5 11. a3 0-0 12. 0-0 b4 13. axb4 cxb4 14. Ne2 Nc5 15. Ng3 a5 16. Bc4 Bg4 17. h3 Bxf3 18. Rxf3 Nbd7 19. Bb5 Nf6 20. Bc6 Rc8 21. Qe2 h5 22. Re3 h4 23. Nf1 Nh5 24. Rf3 a4 25. Rb1 Qe7 26. Nd2 Ng3 27. Qe1 Ncxe4 28. Rxg3 Bd4+ 29. Re3 Nxd2 30. Bxd2 Rfe8 31. Bxe8 Rxe8 32. Kh1 Bxe3 33. Bxe3 Qxe3 34. Qxb4 Qe4 35. Qxe4 Rxe4 36. Rd1 Rxf4 37. Rd2 Kg7 38. Kh2 Kf8 39. g3 hxg3+ 40. Kxg3 Rf5 41. Rd4 Re5 1/2-1/2

[Event "Medellin Raza Antioquia"]
[Site "Medellin"]
[Date "2024.10.13"]
[Round "7"]
[White "Mendoza Gomez, Juana Fernanda"]
[Black "Andrade Salcedo, Jorge Mario"]
[Result "0-1"]
[WhiteElo "1892"]
[BlackElo "1910"]
[PlyCount "71"]
[EventDate "2024.10.10"]
[EventType "swiss"]
[EventRounds "9"]
[EventCountry "COL"]
[SourceTitle "CB43_2024"]
[Source "Chessbase"]
[SourceDate "2024.10.23"]
[SourceVersion "1"]
[SourceVersionDate "2024.10.23"]
[SourceQuality "1"]

1. d4 d5 2. c4 e6 3. Nf3 Nf6 4. g3 Be7 5. Bg2 0-0 6. 0-0 b6 7. cxd5 exd5 8. Nc3 Bb7 9. Bf4 c5 10. Rc1 Nc6 11. dxc5 bxc5 12. Ne5 Nxe5 13. Bxe5 Ne4 14. Nxe4 dxe4 15. Qxd8 Rfxd8 16. Rfd1 f5 17. Bh3 g6 18. g4 fxg4 19. Bxg4 Kf7 20. Bc7 Rxd1+ 21. Rxd1 Bc8 22. Bxc8 Rxc8 23. Ba5 Ke6 24. Kg2 Rc6 25. Bc3 Rd6 26. Rxd6+ Bxd6 27. h4 Be5 28. Bxe5 Kxe5 29. Kg3 e3 30. f4+ Ke4 31. Kg4 h6 32. a3 c4 33. a4 a5 34. Kg3 h5 35. Kg2 Kxf4 36. Kh3 0-1

[Event "Medellin Raza Antioquia"]
[Site "Medellin"]
[Date "2024.10.10"]
[Round "1"]
[White "Ortiz Lopera, Miguel Angel"]
[Black "Mendoza Gomez, Juana Fernanda"]
[Result "1-0"]
[WhiteElo "2071"]
[BlackElo "1892"]
[PlyCount "71"]
[EventDate "2024.10.10"]
[EventType "swiss"]
[EventRounds "9"]
[EventCountry "COL"]
[SourceTitle "CB43_2024"]
[Source "Chessbase"]
[SourceDate "2024.10.23"]
[SourceVersion "1"]
[SourceVersionDate "2024.10.23"]
[SourceQuality "1"]

1. e4 c5 2. Nf3 Nc6 3. d4 cxd4 4. Nxd4 Nf6 5. Nc3 e5 6. Ndb5 d6 7. Bg5 a6 8. Na3 b5 9. Nd5 Be7 10. Bxf6 Bxf6 11. c3 Bg5 12. Nc2 Rb8 13. g3 0-0 14. h4 Bh6 15. Bg2 Ne7 16. Nce3 Bxe3 17. Nxe3 Be6 18. 0-0 Kh8 19. Qd2 f5 20. exf5 Nxf5 21. Nxf5 Bxf5 22. Rad1 Rb6 23. Qe3 Be6 24. b3 Qb8 25. Rd2 a5 26. f4 a4 27. fxe5 Rxf1+ 28. Bxf1 axb3 29. axb3 dxe5 30. Qc5 Bxb3 31. Qe7 Rb7 32. Rd8+ Bg8 33. Qf8 Qa7+ 34. Kh1 Qa2 35. c4 Qxc4 36. Bxc4 1-0

[Event "Pereira Cosecha op"]
[Site "Pereira"]
[Date "2024.08.29"]
[Round "3"]
[White "Rueda Rojas, Richard Alejandro"]
[Black "Mendoza Gomez, Juana Fernanda"]
[Result "0-1"]
[WhiteElo "1976"]
[BlackElo "1703"]
[PlyCount "102"]
[EventDate "2024.08.28"]
[EventType "swiss"]
[EventRounds "9"]
[EventCountry "COL"]
[SourceTitle "EXT 2025"]
[Source "ChessBase"]
[SourceDate "2024.10.14"]
[SourceVersion "1"]
[SourceVersionDate "2024.10.14"]
[SourceQuality "1"]

1. d4 Nf6 2. c4 c5 3. d5 e6 4. Nc3 exd5 5. cxd5 d6 6. e4 g6 7. Be2 Bg7 8. Nf3 0-0 9. 0-0 Bg4 10. h3 Bxf3 11. Bxf3 Re8 12. Bf4 a6 13. a4 Qe7 14. Qc2 Nbd7 15. Rae1 Ne5 16. Be2 Nfd7 17. Bh2 g5 18. Nd1 f5 19. exf5 Qf6 20. Nc3 c4 21. f4 gxf4 22. Ne4 Qxf5 23. Rxf4 Qg6 24. Rh4 Rf8 25. Bh5 Qf5 26. Bg4 Nxg4 27. Rxg4 Ne5 28. Rg5 Qc8 29. Bxe5 dxe5 30. Qc3 Qc7 31. d6 Qb6+ 32. Kh1 Qd4 33. Qg3 Rf7 34. Rg4 Qxb2 35. Ng5 Rd7 36. Ne6 e4 37. Rexe4 Kh8 38. Ng5 Bf6 39. Re6 Rg7 40. Nf3 Rxg4 41. Qxg4 Rg8 42. d7 Rxg4 43. hxg4 Qc1+ 44. Kh2 Qf4+ 45. Kg1 Kg7 46. Re8 c3 47. g5 Bxg5 48. Nxg5 Qd4+ 49. Kf1 Qxd7 50. Re2 Qd1+ 51. Kf2 c2 0-1

[Event "Medellin Castro Memorial op-A 31st"]
[Site "Medellin"]
[Date "2024.08.09"]
[Round "5"]
[White "Mendoza Gomez, Juana Fernanda"]
[Black "Garces Trujillo, Luis Javier"]
[Result "1/2-1/2"]
[WhiteElo "1703"]
[BlackElo "1798"]
[PlyCount "52"]
[EventDate "2024.08.07"]
[EventType "swiss"]
[EventRounds "10"]
[EventCountry "COL"]
[SourceTitle "CBM 221 Extra"]
[Source "ChessBase"]
[SourceDate "2024.09.30"]
[SourceVersion "1"]
[SourceVersionDate "2024.09.30"]
[SourceQuality "1"]

1. d4 d5 2. c4 dxc4 3. e3 b5 4. a4 b4 5. Bxc4 Nf6 6. Nf3 e6 7. Nbd2 Be7 8. Ne5 0-0 9. Ndf3 Bb7 10. 0-0 Bd5 11. Be2 c5 12. dxc5 Bxc5 13. b3 Nbd7 14. Nd3 Bd6 15. Bb2 Rc8 16. Nd4 Ne4 17. Nb5 Be7 18. Nf4 Ndf6 19. Nxa7 Rc7 20. Nb5 Rd7 21. Nxd5 Rxd5 22. Qc1 Nd2 23. Bc4 Nxf1 24. Bxd5 Qxd5 25. Qxf1 Qxb3 26. Bd4 Qc2 1/2-1/2

[Event "American Continental Rapid 18th"]
[Site "Medellin"]
[Date "2024.06.01"]
[Round "7"]
[White "Mendoza Gomez, Juana Fernanda"]
[Black "Ceballos Castellanos, Isabela"]
[Result "0-1"]
[WhiteElo "1754"]
[BlackElo "1855"]
[PlyCount "126"]
[EventDate "2024.06.01"]
[EventType "swiss (rapid)"]
[EventRounds "9"]
[EventCountry "COL"]
[SourceTitle "CBM 220 Extra"]
[Source "ChessBase"]
[SourceDate "2024.07.31"]
[SourceVersion "1"]
[SourceVersionDate "2024.07.31"]
[SourceQuality "1"]

1. d4 f5 2. c4 Nf6 3. Nf3 g6 4. g3 Bg7 5. Bg2 d6 6. 0-0 0-0 7. Nc3 c6 8. Rb1 Qe8 9. b4 e5 10. dxe5 dxe5 11. e4 Be6 12. Qe2 Nbd7 13. Ng5 fxe4 14. Nxe6 Qxe6 15. Nxe4 Nxe4 16. Qxe4 Nf6 17. Qe2 Rad8 18. Bb2 Rfe8 19. Rbd1 Rxd1 20. Rxd1 e4 21. Re1 e3 22. fxe3 Ng4 23. Bxg7 Kxg7 24. e4 Ne5 25. c5 Rd8 26. Rf1 Qe7 27. Rd1 Rxd1+ 28. Qxd1 Nf7 29. Qd4+ Qf6 30. Qxf6+ Kxf6 31. Kf2 Ke5 32. Ke3 Ng5 33. h4 Ne6 34. Bf3 Nd4 35. Bd1 a5 36. bxa5 Ne6 37. a6 bxa6 38. Ba4 Nxc5 39. Bxc6 h6 40. Bd5 g5 41. hxg5 hxg5 42. Bc6 a5 43. Bd5 Na4 44. Kd3 Nc5+ 45. Ke3 Na4 46. Kf3 Nc3 47. Kg4 Kf6 48. Kh5 Ne2 49. Kg4 Nc3 50. Kf3 a4 51. a3 Nb5 52. Bc6 Nd4+ 53. Ke3 Nxc6 54. Kd3 Ke5 55. Ke3 g4 56. Kd3 Na5 57. Kc3 Kxe4 58. Kb4 Nc6+ 59. Kxa4 Kf3 60. Kb5 Nb8 61. a4 Kxg3 62. a5 Kh2 63. a6 Nxa6 0-1

[Event "American Continental Rapid 18th"]
[Site "Medellin"]
[Date "2024.06.01"]
[Round "9"]
[White "Mendoza Gomez, Juana Fernanda"]
[Black "Lizarazo, Doris Liliana"]
[Result "1-0"]
[WhiteElo "1754"]
[BlackElo "1794"]
[PlyCount "105"]
[EventDate "2024.06.01"]
[EventType "swiss (rapid)"]
[EventRounds "9"]
[EventCountry "COL"]
[SourceTitle "CBM 220 Extra"]
[Source "ChessBase"]
[SourceDate "2024.07.31"]
[SourceVersion "1"]
[SourceVersionDate "2024.07.31"]
[SourceQuality "1"]

1. d4 d5 2. c4 e6 3. Nf3 Nf6 4. g3 Be7 5. Bg2 c5 6. cxd5 exd5 7. 0-0 Ne4 8. Nc3 Nxc3 9. bxc3 0-0 10. Ne5 Nc6 11. Nxc6 bxc6 12. Ba3 cxd4 13. Bxe7 Qxe7 14. cxd4 Ba6 15. Re1 Rfe8 16. e3 Rab8 17. Rb1 Bc4 18. Qa4 Bb5 19. Qc2 Bc4 20. Bf1 Bxf1 21. Rxf1 Qd6 22. Rfc1 Rxb1 23. Rxb1 Qc7 24. Qa4 h6 25. Qa6 Rb8 26. Rc1 Rb6 27. Qa3 Qb7 28. Kg2 Ra6 29. Qb3 Rb6 30. Qc3 Qa6 31. Qc2 Qa3 32. Rb1 Rxb1 33. Qxb1 Qa4 34. Qb8+ Kh7 35. Qb3 Qxb3 36. axb3 a5 37. Kf3 Kg6 38. Ke2 Kf5 39. f3 h5 40. Kd3 g5 41. e4+ dxe4+ 42. fxe4+ Kg4 43. d5 cxd5 44. exd5 Kf5 45. Kc4 Kf6 46. Kc5 Ke7 47. Kb6 f5 48. Kc7 f4 49. d6+ Ke6 50. gxf4 gxf4 51. d7 f3 52. d8Q f2 53. Qf8 1-0

[Event "American Continental 18th"]
[Site "Medellin"]
[Date "2024.05.29"]
[Round "8"]
[White "Cantero Gonzalez, Mauricio Rafael"]
[Black "Mendoza Gomez, Juana Fernanda"]
[Result "0-1"]
[WhiteElo "1531"]
[BlackElo "1761"]
[PlyCount "64"]
[EventDate "2024.05.24"]
[EventType "swiss"]
[EventRounds "11"]
[EventCountry "COL"]
[SourceTitle "CBM 220 Extra"]
[Source "ChessBase"]
[SourceDate "2024.07.31"]
[SourceVersion "1"]
[SourceVersionDate "2024.07.31"]
[SourceQuality "1"]

1. c4 e5 2. Nc3 Nf6 3. Nf3 Nc6 4. d4 exd4 5. Nxd4 d6 6. e3 g6 7. b3 Bg7 8. Bb2 0-0 9. Be2 Re8 10. Nxc6 bxc6 11. 0-0 Rb8 12. Bf3 Bb7 13. Qd2 Nd7 14. Rfe1 Ne5 15. Be2 h5 16. Rad1 Qe7 17. h3 Rbd8 18. f4 Nd7 19. Bf3 Nb6 20. e4 d5 21. exd5 Qc5+ 22. Kh2 Rxe1 23. Rxe1 cxd5 24. Ne4 Qf8 25. Nf6+ Kh8 26. Nxd5 c6 27. c5 cxd5 28. Bxg7+ Qxg7 29. Bxd5 Rxd5 30. Re8+ Kh7 31. Qb4 Qf6 32. Re4 Ba6 0-1

[Event "American Continental Blitz 18th"]
[Site "Medellin"]
[Date "2024.05.29"]
[Round "2"]
[White "Mendoza Gomez, Juana Fernanda"]
[Black "Holliman, Bob"]
[Result "0-1"]
[WhiteElo "1761"]
[BlackElo "1962"]
[PlyCount "66"]
[EventDate "2024.05.29"]
[EventType "swiss (blitz)"]
[EventRounds "9"]
[EventCountry "COL"]
[SourceTitle "CBM 220 Extra"]
[Source "ChessBase"]
[SourceDate "2024.07.31"]
[SourceVersion "1"]
[SourceVersionDate "2024.07.31"]
[SourceQuality "1"]

1. d4 d5 2. c4 dxc4 3. e3 a6 4. Bxc4 Nf6 5. Nf3 b5 6. Be2 Bb7 7. 0-0 e6 8. Nbd2 c5 9. dxc5 Bxc5 10. Nb3 Qxd1 11. Rxd1 Bb6 12. Bd2 0-0 13. Bb4 Rc8 14. Rac1 Nbd7 15. Nbd4 Bd5 16. b3 h6 17. h3 Ne4 18. Nd2 Ndf6 19. Bf3 a5 20. Be7 Rxc1 21. Rxc1 Nxd2 22. Bxf6 Nxf3+ 23. Nxf3 gxf6 24. Nh2 Kg7 25. Ng4 b4 26. Kh2 a4 27. f3 axb3 28. axb3 h5 29. e4 Bxb3 30. Rb1 hxg4 31. Rxb3 Bc7+ 32. Kg1 g3 33. Kf1 Bd6 0-1

[Event "American Continental Blitz 18th"]
[Site "Medellin"]
[Date "2024.05.29"]
[Round "9"]
[White "Ng Mora, Joshua"]
[Black "Mendoza Gomez, Juana Fernanda"]
[Result "1-0"]
[WhiteElo "1779"]
[BlackElo "1761"]
[PlyCount "77"]
[EventDate "2024.05.29"]
[EventType "swiss (blitz)"]
[EventRounds "9"]
[EventCountry "COL"]
[SourceTitle "CBM 220 Extra"]
[Source "ChessBase"]
[SourceDate "2024.07.31"]
[SourceVersion "1"]
[SourceVersionDate "2024.07.31"]
[SourceQuality "1"]

1. b3 d5 2. c4 d4 3. e3 c5 4. d3 Nc6 5. e4 e5 6. g3 Nf6 7. Bg2 Be7 8. Ne2 0-0 9. h3 a6 10. a4 Nb4 11. Ba3 Bd7 12. 0-0 b5 13. Bxb4 cxb4 14. axb5 axb5 15. Nd2 Ra3 16. f4 Qc7 17. Rc1 Bd6 18. cxb5 Qb6 19. Nc4 Qb8 20. fxe5 Bxe5 21. Nxa3 bxa3 22. g4 Bxb5 23. Rc5 Nd7 24. Rc2 Qb7 25. Nf4 Qa6 26. Rd2 Ra8 27. Rff2 Bxf4 28. Rxf4 a2 29. Qa1 Bxd3 30. Rff2 Ne5 31. Rxa2 Bb5 32. Rxa6 Rxa6 33. Ra2 Rxa2 34. Qxa2 g6 35. Qa8+ Kg7 36. Qd5 d3 37. Qxe5+ f6 38. Qxb5 d2 39. Qd7+ 1-0

[Event "American Continental 18th"]
[Site "Medellin"]
[Date "2024.05.25"]
[Round "3"]
[White "Mendoza Gomez, Juana Fernanda"]
[Black "Loaiza Cuervo, Santiago"]
[Result "0-1"]
[WhiteElo "1761"]
[BlackElo "1961"]
[PlyCount "58"]
[EventDate "2024.05.24"]
[EventType "swiss"]
[EventRounds "11"]
[EventCountry "COL"]
[SourceTitle "CBM 220 Extra"]
[Source "ChessBase"]
[SourceDate "2024.07.31"]
[SourceVersion "1"]
[SourceVersionDate "2024.07.31"]
[SourceQuality "1"]

1. d4 Nf6 2. c4 g6 3. Nc3 Bg7 4. e4 0-0 5. Nf3 d6 6. Be2 Bg4 7. 0-0 Nfd7 8. h3 Bxf3 9. Bxf3 Nc6 10. Be3 e5 11. dxe5 dxe5 12. Ne2 Qe7 13. Rb1 a5 14. a3 a4 15. Qc2 Nd4 16. Nxd4 exd4 17. Bf4 Nc5 18. Rfe1 Be5 19. Bh6 Rfd8 20. Rbd1 Ra6 21. Bd2 Qf6 22. Bb4 d3 23. Qb1 Qf4 24. g3 Qxf3 25. Bxc5 Bxg3 26. fxg3 Qxg3+ 27. Kh1 Qxh3+ 28. Kg1 Qg3+ 29. Kh1 g5 0-1